KOHA-Header-6

Computer Organization and Design (Record no. 5828)

000 -LEADER
fixed length control field 00304nam a2200121Ia 4500
020 ## - INTERNATIONAL STANDARD BOOK NUMBER
ISBN 978-0-12-812275-4
100 ## - MAIN ENTRY--AUTHOR NAME
Personal name David A. Patterson
245 #0 - TITLE STATEMENT
Title Computer Organization and Design
260 ## - PUBLICATION, DISTRIBUTION, ETC. (IMPRINT)
Place of publication New York
Name of publisher Elsevier
Year of publication 2018
300 ## - PHYSICAL DESCRIPTION
Number of Pages 650
942 ## - ADDED ENTRY ELEMENTS (KOHA)
Koha item type Books
Holdings
Withdrawn status Lost status Collection code Permanent Location Current Location Shelving location Date acquired Full call number Accession Number Koha item type
    CSE MAJU MAJU Shelf No.A31 2019-09-05 4.22 9237 Computer System Engineering

Powered by Koha